000 00668nam a2200265 4500
001 36934
010 _a9727115829
021 _aPT
_b216461/04
090 _a36934
100 _a20051109d2004 m y0pory5003 ba
101 1 _apor
102 _aPT
200 1 _aO livro do homem
_eas facetas do masculino
_fOsho
205 _a1ª. ed
210 9 _aCascais
_cPergaminho
_d2004
215 _a282, [6] p.-d23 cm
225 2 _aOs livros de Osho
304 _aTít. orig.: The book of men
600 _aOsho
_f1931-1990
_96242
675 _a159.92
_vBN
_zpor
675 _a159.94
_vBN
_zpor
700 0 _aOsho
_f1931-1990
_96242
801 _aPT
_gRPC
990 _cLIVROS
994 _aCOMP